000
00304nam a22001337a 4500
008
170320b xxu||||| |||| 00| 0 eng d
020
_a
9780838580349
041
_a
eng
080
_2
3 ED
_a
616.8
100
_a
7
101
_a
SHM
245
_a
PRINCIPLES OF NEURAL SCIENCE
_c
KANDEL.E.R
942
_2
udc
_c
BK
999
_c
8146
_d
8146